Central Library OPAC University of Rajshahi

Plane trigonometry / (Record no. 45313)

MARC details
000 -LEADER
fixed length control field 00598nam a2200205 a 4500
001 - CONTROL NUMBER
control field 45313
003 - CONTROL NUMBER IDENTIFIER
rucl marc code BD-RjUL
005 - DATE AND TIME OF LATEST TRANSACTION
control field 20211209054009.0
008 - FIXED-LENGTH DATA ELEMENTS--GENERAL INFORMATION
fixed length control field s1912 k 00000 eng d
035 ## - SYSTEM CONTROL NUMBER
System control number (BD-RjUL)45431
040 ## - CATALOGING SOURCE
Original cataloging agency ANL
Language of cataloging eng
Modifying agency BD-RjUL
Transcribing agency BD-RjUL
041 ## - LANGUAGE CODE
Language code of text/sound track or separate title eng
082 ## - DEWEY DECIMAL CLASSIFICATION NUMBER
Edition number 23
Classification number 516.242
Author mark and year LOP 1964
100 1# - MAIN ENTRY--PERSONAL NAME
Personal name Loney, S. L.
Fuller form of name (Sidney Luxton),
Dates associated with a name 1860-1939.
9 (RLIN) 138789
245 10 - TITLE STATEMENT
Title Plane trigonometry /
Statement of responsibility, etc. S. L. Loney
260 ## - PUBLICATION, DISTRIBUTION, ETC. (IMPRINT)
Place of publication, distribution, etc. Cambridge :
Name of publisher, distributor, etc. University Press,
Date of publication, distribution, etc. 1912 [ Reprinted 1964 ]
300 ## - PHYSICAL DESCRIPTION
Pagination 211 p. ;
Size 17 cm.
650 #0 - SUBJECT ADDED ENTRY--TOPICAL TERM
Topical term or geographic name as entry element Trigonometry, Plane.
9 (RLIN) 138790
942 ## - ADDED ENTRY ELEMENTS (KOHA)
Source of classification or shelving scheme Dewey Decimal Classification
Koha item type Books
Holdings
Lost status Source of classification or shelving scheme Damaged status Not for loan Collection code Permanent Location Current Location Shelving location Date acquired Source of acquisition Cost, normal purchase price Total Checkouts Full call number Date last seen Copy number Koha item type
  Dewey Decimal Classification     Non-fiction Central Library, University of Rajshahi Central Library, University of Rajshahi   21/10/1969 Zeetlinger 10.00   516.242 LOP 1964 25/07/2016 C-2 Books